České země a Lužice = Böhmen und die Lausitz /

Hlavní autor: Boháč, Zdeněk, 1933-2001
Jazyk: Lužická srbština
Němčina
Čeština
Vydáno: Tišnov : Sursum, 1993
Edice: Mosty (Sursum)
Témata:
Fyzický popis: 215 s. : il., mapy ; 21 cm
Knihy
Uloženo v:
LEADER 01149nam a2200337 a 4500
001 000458513
003 CZ BrMZK
005 20240115135222.0
007 ta
008 000115s1993 xr ab f 000 0 cze d
015 |a cnb000089360 
020 |a 80-85799-24-3  |q (SURSUM ;  |q v knize neuvedeno ;  |q váz.) 
035 |a (OCoLC)30792506 
040 |a BOA001  |b cze 
041 1 |a cze  |a ger  |a wen 
080 |a 943.71  |2 MRF 
100 1 |a Boháč, Zdeněk,  |d 1933-2001  |7 jk01012472  |4 aut 
245 1 0 |a České země a Lužice =  |b Böhmen und die Lausitz /  |c Zdeněk Boháč 
246 3 1 |a Böhmen und die Lausitz 
260 |a Tišnov :  |b Sursum,  |c 1993 
300 |a 215 s. :  |b il., mapy ;  |c 21 cm 
490 1 |a Mosty 
500 |a Text též německy a lužickosrbsky 
504 |a Obsahuje bibliografii 
653 0 |a Lužice  |a Lužičtí Srbové  |a lužické dějiny  |a česko-lužické vztahy  |a české dějiny 
830 0 |a Mosty (Sursum) 
910 |a BOA001  |b 2-1067.796 
964 |a Lužice  |x dějiny 
964 |a Česko  |y Lužice  |x dějiny 
990 |a BK 
996 6 |b 2610100622  |c 2-1067.796  |l MZK  |r Sklad / do 1 hodiny  |n 23  |p p.v.  |w 000458513  |u 000010  |a 1  |e BOA001  |j MZK50  |s P